1908 1734 1448 1200 1300 1215 1307 1697 1091 1394 1934 1802 1356 1352 1567 1985 1855 1741 1479 1061 1593 1978 1301 1077 1720 1745 1301 1715 1431 1521 1180 1472 1224 1337 1153 1482 1677 1647 1132 1370 1195 1506 1661 1153 1287 1088 1180 1503 1773 1107 1239 1673 1047 1894 1042 1032 1378 1734 1759 1129 1562 1515 1779 1146 1859 1478 1843 1012 1470 1070 1169 1751 1641 1586 1371 1446 1935 1676 1980 1265 1076 1935 1894 1810 1854 1876 1983 1571 1110 1022 1874 1415 1429 1522 1913 1246 1530 1909 1128 BCNSPRNW ULIB Ver.6.0+V

เปลี่ยนเป็นภาษาไทย

Change to English
 แสดงรายละเอียดบรรณานุกรม
  กลับหน้าหลัก

Brief Record : Get Marc (ISO 2709) : E-mail record : QR code < ปิดหน้าต่าง
LEADER : 00000nam 2200000uu 4500
001    13399110433
003     ULIB
008    110530s2011||||th 000 0 eng d
020    1609133658
060 04 WY100^bT239f 2011
100 1  Taylor, Carol
245 10 Fundamentals of nursing :^bthe art & science of nursingcare /^cCarol Taylor, Carol Lillis, Priscilla LeMone
250    7th ed.
260    Philadelphia :^bLippincott,^c2011
300    xxxv, 1673 p. :^bcol. ill. ;^c29 cm.
504    Includes bibliographical references and index
650  2 Nursing
650  2 Health Promotion
650  2 Nursing Process
700 1  Lillis, Carol
700 1  LeMone, Priscilla
945    ^p2680^l0^i030091
995    Kesorn
999 ^a ใช้งานได้ทุกระบบ
รายการนี้ยังไม่มีแท็ก
คุณยังไม่ได้ล็อกอิน คุณสามารถมีกิจกรรมร่วมกับเว็บไซต์ได้ แต่ต้องล็อกอินก่อน ::
  ล็อกอิน

รายการสื่อสารสนเทศ

ลำดับที่ ประเภท เลขเรียก/บาร์โค้ด สถานที่ สถานะ
- ไม่พบข้อมูล -

รายการใกล้เคียง
    ผู้แต่ง [Taylor, Carol]

    หัวเรื่อง [Nursing]
    หัวเรื่อง [Health Promotion]
    หัวเรื่อง [Nursing Process]

BibComment


ยังไม่เคยถูกคอมเมนท์

คอมเมนท์ทรัพยากรรายการนี้
  คอมเมนท์: Fundamentals of n..


 Copyright 2026. Bcnsprnw @Library